Joueurs de foot FC24 - FIFA24 #3 - Statistiques

Statistiques générales
  • Ce quiz a été pris 199 fois
  • Le résultat moyen est 14 sur 16
Statistiques - réponses
Par images Réponse % Correct
Bellingham
98%
Ramos
96%
Modric
95%
De Jong
94%
Pedri
94%
Rudiger
94%
Saka
94%
Verratti
94%
Muller
93%
Lukaku
92%
Ederson
91%
Lacazette
91%
Kimmich
90%
Marquinhos
90%
Brandt
63%
Gyökeres
33%
Aucun quiz correspondant
Distribution des résultats
% des personnes avec chaque résultat
Percentile par nombre de réponses
Votre historique - résultats
Vous n’avez pas pris ce quiz